| Tag |
First Indicator |
Second Indicator |
Subfields |
| LEADER |
00000cam a2200000 a 4500 |
| 001 |
in00001408026 |
| 005 |
20151020070146.0 |
| 008 |
950815s1996 nyua j 000 1 eng |
| 010 |
|
|
|a 95033512
|
| 020 |
|
|
|a 0374324484
|
| 035 |
|
|
|a (OCoLC)33042044
|
| 035 |
|
|
|9 AHP8407AM
|
| 040 |
|
|
|a DLC
|c DLC
|d UtOrBLW
|
| 049 |
|
|
|a TXAG
|
| 050 |
0 |
0 |
|a PZ7.L7235
|b Yo 1996
|
| 082 |
0 |
0 |
|a [E]
|2 21
|
| 100 |
1 |
|
|a Little, Mimi Otey.
|
| 245 |
1 |
0 |
|a Yoshiko and the foreigner /
|c Mimi Otey Little.
|
| 250 |
|
|
|a 1st ed.
|
| 264 |
|
1 |
|a New York :
|b Farrar, Straus and Giroux,
|c 1996.
|
| 300 |
|
|
|a 1 volume (unpaged) :
|b color illustrations ;
|c 29 cm.
|
| 336 |
|
|
|a text
|b txt
|2 rdacontent
|
| 337 |
|
|
|a unmediated
|b n
|2 rdamedia
|
| 338 |
|
|
|a volume
|b nc
|2 rdacarrier
|
| 500 |
|
|
|a "Frances Foster books."
|
| 520 |
|
|
|a In spite of her upbringing, a young Japanese woman begins seeing an American soldier and finds that he is not like the foreigners her parents have taught her to avoid.
|
| 650 |
|
1 |
|a Prejudices
|x Fiction.
|
| 651 |
|
1 |
|a Japan
|x Fiction.
|
| 650 |
|
1 |
|a Interracial marriage
|x Fiction.
|
| 999 |
|
|
|a MARS
|
| 999 |
f |
f |
|s d0f346c9-15bf-3cd3-b85e-78fe679ba8f0
|i 5a3a44ca-2dbb-30d5-ae47-f320a1a93103
|t 0
|
| 952 |
f |
f |
|p normal
|a Texas A&M University
|b College Station
|c Sterling C. Evans Library
|d Evans: Curriculum Collection (4th floor)
|t 0
|e PZ7.L7235 Yo 1996
|h Library of Congress classification
|i unmediated -- volume
|m A14822233121
|
| 998 |
f |
f |
|a PZ7.L7235 Yo 1996
|t 0
|l Evans: Curriculum Collection (4th floor)
|